000 00500nam a22002057a 4500
001 22219
005 20260410122208.0
008 260410b |||||||| |||| 00| 0 spa d
041 _aESP
082 _a346.4
_bG67A
100 _aGonzales Barrón, Gunther
245 _aTeoría general de la propiedad y del derecho real
260 _a :
_b ,
_c2018
300 _a398 páginas :
_b ;
_c25 cm.
440 _a ;
650 _aDER
654 _aCDE
700 _a;
942 _cLIB
_dJUS
_fJUS
_n0
_2ddc
999 _c22219
_d22219